000 00711cab a2200217 4500
001 WB3025-01
008 090401t1994 xxu||||| |||| 00| 0 eng d
035 _a(Sirsi) u26507
041 _aeng
245 _aBacktracking on cross-examination cuts
260 _c1994
350 _a0
490 _aEstates Gazette
_v(9425) 25 June 1994, 52(1)
520 _aAn informal briefing to the Planning Bar by a senior planning inspector has allayed fears that DoE proposals to reduce developers` rights to cross-examination in planning appeals would be introduced.
650 _aCROSS-EXAMINATION
650 _aEFFICIENCY
650 _aPLANNING APPEALS
650 _aTIME
942 _n0
948 _c04/03/1997
999 _c17817
_d17817